Thallium in the environment /
"Since its discovery in 1861, thallium has been used in a variety of industrial products, from rat and ant poisons to photocells and infrared devices. But today, the increased use of thallium for emerging technologies in electronics, medicine, and other fields has also led to rising concerns ab...
Saved in:
| Other Authors: | |
|---|---|
| Format: | Book |
| Language: | English |
| Published: |
New York :
Wiley,
1998.
|
| Series: | Advances in environmental science and technology ;
v. 29. |
| Subjects: | |
| Tags: |
Add Tag
No Tags, Be the first to tag this record!
|
| LEADER | 02986cam a22003738a 4500 | ||
|---|---|---|---|
| 001 | 007733703-4 | ||
| 005 | 20020606104010.5 | ||
| 008 | 970507s1998 nyua b 001 0 eng | ||
| 010 | |a 97014871 | ||
| 020 | |a 0471177555 (cloth : alk. paper) | ||
| 035 | 0 | |a ocm36949572 | |
| 040 | |a DLC |c DLC |d DLC | ||
| 050 | 0 | 0 | |a TD196.T45 |b T43 1998 |
| 060 | 0 | 0 | |a W1 |b AD552T v. 29 1998 |
| 060 | 1 | 0 | |a QV 618 |b T3665 1998 |
| 082 | 0 | 0 | |a 363.738 |2 21 |
| 245 | 0 | 0 | |a Thallium in the environment / |c edited by Jerome O. Nriagu. |
| 260 | |a New York : |b Wiley, |c 1998. | ||
| 300 | |a xiv, 284 p. : |b ill. ; |c 25 cm. | ||
| 490 | 1 | |a Wiley series in advances in environmental science and technology ; |v v. 29 | |
| 500 | |a "A Wiley-Interscience publication." | ||
| 504 | |a Includes bibliographical references and index. | ||
| 520 | 1 | |a "Since its discovery in 1861, thallium has been used in a variety of industrial products, from rat and ant poisons to photocells and infrared devices. But today, the increased use of thallium for emerging technologies in electronics, medicine, and other fields has also led to rising concerns about the health risks and environmental effects of this highly toxic element." "Thallium in the Environment offers completely up-to-date coverage of the environmental cycle as well as the chemical and toxicological aspects of thallium exposure. Written by an international panel of experts, the book addresses key issues concerning thallium's effects on aquatic and terrestrial environments, human health, and wildlife." "Bringing together the latest information on these areas in a single volume, this book will be welcomed by professionals and students working in environmental science, chemistry, and engineering, as well as toxicology, public health, environmental control, and other areas."--Jacket. | |
| 505 | 0 | 0 | |t Introduction to the Series / |r Jerome O. Nriagu -- |t Preface / |r Jerome O. Nriagu -- |t Advances in Environmental Science and Technology -- |g 1. |t History, Production, and Uses of Thallium / |r Jerome O. Nriagu -- |g 2. |t Aqueous Geochemistry of Thallium / |r Daniel I. Kaplan and Shas V. Mattigod -- |g 3. |t Speciation of Thallium in Natural Waters / |r Tser-Sheng Lin and Jerome O. Nriagu -- |g 4. |t Thallium in the (Sub)Surface Environment: Its Mobility in Terms of Eh and pH / |r Bernhard W. Vink -- |g 5. |t Thallium in Agricultural Practice / |r Manfred Sager -- |g 6. |t Determination of Thallium by Electroanalytical Techniques / |r Miquel Esteban, Cristina Arino and Jose Manuel Diaz-Cruz. |
| 650 | 0 | |a Thallium |x Environmental aspects. | |
| 650 | 1 | 2 | |a Thallium |x adverse effects. |
| 650 | 2 | 2 | |a Environmental Pollutants |x adverse effects. |
| 650 | 2 | 2 | |a Environmental Pollution |x adverse effects. |
| 650 | 2 | 2 | |a Environmental Monitoring |x methods. |
| 700 | 1 | |a Nriagu, Jerome O. | |
| 776 | 0 | 8 | |i Online version: |t Thallium in the environment. |d New York : Wiley, ©1998 |w (OCoLC)605314646 |
| 830 | 0 | |a Advances in environmental science and technology ; |v v. 29. | |
| 988 | |a 20020608 | ||
| 906 | |0 DLC | ||


